La Administración de nuetra cooperativa autogestionaria: guía para la facilitadora
Bewaard in:
| Coauteur: | |
|---|---|
| Formaat: | Texto |
| Gepubliceerd in: |
San José:
CEPAS
|
| Onderwerpen: | |
| Tags: |
Voeg label toe
Geen labels, Wees de eerste die dit record labelt!
|
MARC
| LEADER | 00000 a a2200000 04500 | ||
|---|---|---|---|
| 001 | 33134 | ||
| 003 | |||
| 040 | |||
| 090 | |a 206500 | ||
| 110 | |a Centro de Estudios para la Acción Social | ||
| 245 | |a La Administración de nuetra cooperativa autogestionaria: guía para la facilitadora | ||
| 260 | |a San José: |b CEPAS | ||
| 300 | |a 224 p. |b il. | ||
| 650 | |a ADMINISTRACION | ||
| 650 | |a MUJERES | ||
| 650 | |a COOPERATIVAS | ||
| 650 | |a AUTOGESTION | ||
| 999 | |c 14469 |d 14469 | ||
